| 000 | 00833nam a2200229Ia 4500 | ||
|---|---|---|---|
| 001 | 15359 | ||
| 003 | GE_BSU | ||
| 008 | 181216s||||||||xx |||||||||||||| ||und|| | ||
| 040 | _cGE_BSU | ||
| 080 | _a821.353.1-312.9 | ||
| 100 | _aყიფიანი, ივ. | ||
| 245 | _aამონი ანუ ათასი წლის შემდეგ | ||
| 245 | _bფანტასტიური რომანი | ||
| 245 | _cრედ.ს.თურმანიძე. მხატვ.ლ.ზაალიშვილი | ||
| 260 | _aთბილისი | ||
| 260 | _bფედერაცია | ||
| 260 | _c1936 | ||
| 300 | _a190გვ.22სმ. | ||
| 653 | _aამონი ანუ ათასი წლის შემდეგ | ||
| 653 | _aფანტასტიური რომანი | ||
| 942 | _cBK | ||
| 999 |
_c48465 _d48465 |
||